| Tag |
First Indicator |
Second Indicator |
Subfields |
| LEADER |
00000cam a2200000 a 4500 |
| 001 |
in00001366021 |
| 005 |
20151006090910.0 |
| 008 |
961223s1997 inu b 001 0deng |
| 010 |
|
|
|a 96053280
|
| 020 |
|
|
|a 0872203492 (cloth : alk. paper)
|
| 035 |
|
|
|a (OCoLC)36178550
|
| 035 |
|
|
|9 AHJ7950AM
|
| 040 |
|
|
|a DLC
|c DLC
|d TXA
|d UtOrBLW
|
| 041 |
1 |
|
|a eng
|h grc
|
| 049 |
|
|
|a TXAM
|
| 050 |
0 |
0 |
|a B358
|b .C3 1997
|
| 082 |
0 |
0 |
|a 184
|2 21
|
| 100 |
0 |
|
|a Plato.
|
| 240 |
1 |
0 |
|a Works.
|l English.
|f 1997
|
| 245 |
1 |
0 |
|a Complete works /
|c Plato ; edited, with introduction and notes, by John M. Cooper ; associate editor, D.S. Hutchinson.
|
| 264 |
|
1 |
|a Indianapolis, Ind. :
|b Hackett Pub.,
|c [1997]
|
| 264 |
|
4 |
|c ©1997
|
| 300 |
|
|
|a xxx, 1808 pages ;
|c 24 cm.
|
| 336 |
|
|
|a text
|b txt
|2 rdacontent
|
| 337 |
|
|
|a unmediated
|b n
|2 rdamedia
|
| 338 |
|
|
|a volume
|b nc
|2 rdacarrier
|
| 504 |
|
|
|a Includes bibliographical references and index.
|
| 650 |
|
0 |
|a Philosophy, Ancient.
|
| 600 |
0 |
0 |
|a Socrates.
|
| 700 |
1 |
|
|a Cooper, John M.
|q (John Madison),
|d 1939-
|
| 700 |
1 |
|
|a Hutchinson, D. S.,
|d 1955-
|
| 999 |
|
|
|a MARS
|
| 999 |
f |
f |
|s 9f43651c-ed6b-3c9d-9263-c5e9f7f10824
|i e6e70a2b-fdb6-3e27-8c88-8433eeca46fe
|t 0
|
| 952 |
f |
f |
|p normal
|a Texas A&M University
|b College Station
|c Sterling C. Evans Library
|d Evans: Library Stacks
|t 0
|e B358 .C3 1997
|h Library of Congress classification
|i unmediated -- volume
|m A14822489340
|
| 952 |
f |
f |
|p normal
|a Texas A&M University
|b College Station
|c Sterling C. Evans Library
|d Evans: Library Stacks
|t 0
|e B358 .C3 1997
|h Library of Congress classification
|i unmediated -- volume
|m A14821176562
|
| 998 |
f |
f |
|a B358 .C3 1997
|t 0
|l Evans: Library Stacks
|
| 998 |
f |
f |
|a B358 .C3 1997
|t 0
|l Evans: Library Stacks
|